Movies Quiz

Random Movies or Actress Quiz

Who Was Top Billed? V Quiz Stats

 Plays Quiz Updated Jul 17, 2018

Challenge
Share
Tweet
Embed
Score 0/20 Timer 05:00
0 Plays Today
Question Answer Wrong Answers
Inception Leonardo DiCaprio
93.9%
Joseph Gordon-Levitt
2.2%
Tom Hardy
1.6%
Ellen Page
0.8%
Casino Robert De Niro
89.3%
Joe Pesci
4%
Sharon Stone
3.3%
James Woods
1.6%
Grown Ups Adam Sandler
87.5%
Kevin James
5.3%
Chris Rock
4.1%
David Spade
1.7%
Dark Shadows Johnny Depp
84.7%
Helena Bonham Carter
5.2%
Michelle Pfeiffer
5.7%
Eva Green
2.3%
Apollo 13 Tom Hanks
80.6%
Bill Paxton
7.2%
Kevin Bacon
3.5%
Gary Sinise
6.6%
The Monuments Men George Clooney
78.7%
Matt Damon
9.9%
Bill Murray
7.7%
Cate Blanchett
1.3%
Armageddon Bruce Willis
77.8%
Ben Affleck
17.2%
Billy-Bob Thornton
1.7%
Liv Tyler
0.8%
RED 2 Bruce Willis
75.1%
Mary Louise-Parker
2.2%
Helen Mirren
12.2%
John Malkovich
8.2%
Madagascar Ben Stiller
68.5%
Chris Rock
24%
Jada Pinkett-Smith
1.6%
David Schwimmer
4.2%
Thelma & Louise Susan Sarandon
67.9%
Harvey Keitel
3.5%
Michael Madsen
2.4%
Geena Davis
23.6%
Catch Me If You Can Leonardo DiCaprio
63.8%
Tom Hanks
32.2%
Christopher Walken
1.5%
Martin Sheen
0.7%
Foxcatcher Steve Carell
61.7%
Channing Tatum
19.7%
Mark Ruffalo
13%
Sienna Miller
3.3%
The Untouchables Kevin Costner
58.1%
Sean Connery
34.4%
Charles Martin Smith
1.5%
Andy Garcia
4.6%
Superbad Jonah Hill
55%
Michael Cera
39.3%
Christopher Mintz-Plasse
1.5%
Bill Hader
4.1%
Crazy, Stupid, Love. Steve Carell
48%
Ryan Gosling
33.7%
Julianne Moore
7.4%
Emma Stone
10.7%
Mamma Mia! Amanda Seyfried
46.6%
Stellan Skarsgard
1.7%
Pierce Brosnan
34.2%
Colin Firth
17.2%
Zombieland Jesse Eisenberg
46%
Woody Harrelson
41.8%
Emma Stone
8.6%
Abigail Breslin
1.4%
The Prestige Hugh Jackman
45.7%
Christian Bale
39.2%
Michael Caine
9.1%
Scarlett Johansson
4%
E.T. the Extra-Terrestrial Dee Wallace
28.9%
Henry Thomas
31.5%
Peter Coyote
10.3%
Drew Barrymore
28.3%
Rock of Ages Julianne Hough
12.2%
Diego Boneta
3.4%
Alec Baldwin
14.2%
Tom Cruise
69.3%

You're not logged in!

Compare scores with friends on all Sporcle quizzes.
Join for Free
OR
Log In

You Might Also Like...

Show Comments

Extras

Top Quizzes Today


Score Distribution

Your Account Isn't Verified!

In order to create a playlist on Sporcle, you need to verify the email address you used during registration. Go to your Sporcle Settings to finish the process.

Report this User

Report this user for behavior that violates our Community Guidelines.

Details: